Municipis de la comarca de la Cerdanya (Catalunya) - Statistics

General Stats
  • This quiz has been taken 361 times
  • The average score is 12 of 17
Answer Stats
Hint Answer % Correct
P Puigcerdà
96%
A Alp
89%
BC Bellver de Cerdanya
89%
D Das
85%
L Llívia
81%
LC Lles de Cerdanya
74%
RC Riu de Cerdanya
74%
U Urús
73%
G Ger
71%
I Isòvol
71%
GC Guils de Cerdanya
67%
P Prullans
65%
B Bolvir
64%
M Meranges
62%
FC Fontanals de Cerdanya
59%
PS Prats i Sansor
58%
MM Montellà i Martinet
56%
No matching quizzes found
Score Distribution
Percent of People with Each Score
Percentile by Number Answered
Your Score History
You have not taken this quiz